000
00246nam a2200097Ia 4500
001
919317
005
20250826185949.0
008
250824s9999 xx 000 0 und d
245
0
_a
UZUN LAFIN KISASI HAYIRLISI
_c
ONUR KAPLAN
260
_b
HAYY YAYINLARI
999
_c
919317
_d
919317